Toyota Car Quiz - Statistics

General Stats
  • This quiz has been taken 59 times
  • The average score is 4 of 15
Answer Stats
Hint Answer % Correct
Sedan Corolla
92%
Sedan Camry
82%
Hatchback RAV4
63%
Van HiAce
29%
Minivan Alphard
18%
XUV Corolla Cross
18%
Sedan Corolla Altis
10%
Minivan Noah
10%
Minivan Vellfire
10%
Minivan Voxy
10%
Minitruck Dyna
6%
Sedan Corolla Axio
4%
SUV Wish
4%
Compact Hatchback Raize
2%
SUV Urban Cruiser
2%
No matching quizzes found
Score Distribution
Percent of People with Each Score
Percentile by Number Answered
Your Score History
You have not taken this quiz